Statistiche per Città delle Finali di UEFA Champions League

Clicka qui per fare il quiz!

Statistiche generali

  • Questo quiz è stato fatto 47 volte
  • Il punteggio medio è 25 su 27

Statistiche sulle risposte

CittàNazioneNumero di finali disputateStagioni delle finale% Corretto
BarcellonaSpagna21988-1989; 1998-1999
100%
BernaSvizzera11960-1961
100%
LisbonaPortogallo31966-1967; 2013-2014; 2019-2020
100%
MilanoItalia41964-1965; 1969-1970; 2000-2001; 2015-2016
100%
ParigiFrancia61955-1956; 1974-1975; 1980-1981; 1999-2000; 2005-2006; 2021-2022
100%
RomaItalia41976-1977; 1983-1984; 1995-1996; 2008-2009
100%
ViennaAustria41963-1964; 1986-1987; 1989-1990; 1994-1995
100%
AmsterdamPaesi Bassi21961-1962; 1996-1997
98%
AteneGrecia31982-1983; 1993-1994; 2006-2007
98%
BerlinoGermania12014-2015
98%
KievUcraina12017-2018
98%
LondraInghilterra71962-1963; 1967-1968; 1970-1971; 1977-1978; 1991-1992; 2010-2011; 2012-2013
98%
MadridSpagna51956-1957; 1968-1969; 1979-1980; 2009-2010; 2018-2019
98%
Monaco di BavieraGermania41978-1979; 1992-1993; 1996-1997; 2011-2012
98%
MoscaRussia12007-2008
98%
BruxellesBelgio41957-1958; 1965-1966; 1973-1974; 1984-1985
95%
GlasgowScozia31959-1960; 1975-1976; 2001-2002
95%
IstanbulTurchia22004-2005; 2022-2023
95%
BelgradoSerbia11972-1973
93%
CardiffGalles12016-2017
93%
ManchesterInghilterra12002-2003
90%
PortoPortogallo12020-2021
90%
RotterdamPaesi Bassi21971-1972; 1981-1982
90%
SivigliaSpagna11985-1986
88%
BariItalia11990-1991
83%
StoccardaGermania21958-1959; 1987-1988
59%
GelsenkirchenGermania12003-2004
27%

Distribuzione punteggi

Percentile per numero di risposta

Percentuale di utenti per punteggio

I tuoi punteggi nel tempo

Non hai fatto questo quiz